Every WHL Team (Current and Former) - Statistics

General Stats
  • This quiz has been taken 21 times
    15 since last reset
  • The average score is 41 of 51
Answer Stats
Answer % Correct
Brandon Wheat Kings
100%
Calgary Hitmen
100%
Edmonton Ice
100%
Edmonton Oil Kings (1st Incarnation)
100%
Edmonton Oil Kings (2nd Incarnation)
100%
Edmonton Oil Kings (Current)
100%
Great Falls Americans
100%
Kelowna Rockets
100%
Kootenay Ice
100%
Lethbridge Broncos
100%
Medicine Hat Tigers
100%
Prince Albert Raiders
100%
Saskatoon Blades
100%
Seattle Breakers/Thunderbirds
100%
Swift Current Broncos (1st Incarnation)
100%
Swift Current Broncos (Current)
100%
Tacoma Rockets
100%
Tri-City Americans
100%
Victoria Royals
100%
Winnipeg Ice
100%
Everett Silvertips
92%
Kamloops Junior Oilers/Blazers
92%
Lethbridge Hurricanes
92%
Portland Winterhawks
92%
Prince George Cougars
92%
Red Deer Rebels
92%
Regina Pats
92%
Vancouver Giants
92%
Victoria Cougars
92%
Wenatchee Wild
92%
Kamloops Chiefs
85%
Spokane Chiefs
85%
Moose Jaw Warriors
77%
Winnipeg Warriors
77%
Chilliwack Bruins
69%
Estevan Bruins
69%
New Westminster Bruins (1st Incarnation)
69%
New Westminster Bruins (2nd Incarnation)
69%
Penticton Vees
69%
Flin Flin Bombers
62%
Billings Bighorns
54%
Winnipeg Jets/Clubs/Monarchs
54%
Moose Jaw Canucks
46%
Calgary Buffaloes/Centennials
38%
Calgary Wranglers
38%
Kelowna Wings
38%
Nanaimo Islanders
38%
Spokane Flyers
38%
Vancouver Nats
38%
Weyburn Red Wings
38%
Chilliwack
31%
No matching quizzes found
Score Distribution
Percent of People with Each Score
Percentile by Number Answered
Your Score History
You have not taken this quiz since the last reset